Модификация структуры и электропроводности обработанной ионами керамики; VI Всесоюзный симпозиум по сильноточной электронике; Ч. 3

Bibliografiske detaljer
Parent link:VI Всесоюзный симпозиум по сильноточной электронике: тезисы докладов, Томск 27-29 мая 1986 г./ Сильноточная электроника ; Академия наук СССР (АН СССР), Сибирское отделение (СО), Институт сильноточной электроники (ИСЭ) ; под ред. О. Б. Ладыженского.— , 1986
Ч. 3.— 1986.— С. 272-274
Andre forfattere: Кабышев А. В. Александр Васильевич, Лопатин В. В. Владимир Васильевич, Бушнев Л. С., Толопа А. М.
Sprog:russisk
Udgivet: 1986
Fag:
Format: Book Chapter
KOHA link:https://koha.lib.tpu.ru/cgi-bin/koha/opac-detail.pl?biblionumber=225927

MARC

LEADER 00000naa2a2200000 4500
001 225927
005 20231031201046.0
035 |a (RuTPU)RU\TPU\book\246291 
035 |a RU\TPU\book\246288 
090 |a 225927 
100 |a 20121116d1986 k y0rusy50 ca 
101 0 |a rus 
102 |a RU 
200 1 |a Модификация структуры и электропроводности обработанной ионами керамики  |f А. В. Кабышев [и др.] 
461 1 |0 (RuTPU)RU\TPU\book\171766  |t VI Всесоюзный симпозиум по сильноточной электронике  |o тезисы докладов, Томск 27-29 мая 1986 г.  |f Сильноточная электроника ; Академия наук СССР (АН СССР), Сибирское отделение (СО), Институт сильноточной электроники (ИСЭ) ; под ред. О. Б. Ладыженского  |d 1986 
463 1 |0 (RuTPU)RU\TPU\book\154839  |t Ч. 3  |v С. 272-274  |d 1986  |p 228 с. 
610 1 |a труды учёных ТПУ 
701 1 |a Кабышев  |b А. В.  |c специалист в области физики диэлектриков и поверхностных явлений  |c профессор Томского политехнического университета  |g Александр Васильевич  |2 stltpush  |3 (RuTPU)RU\TPU\pers\27068 
701 1 |a Лопатин  |b В. В.  |c электрофизик  |c доктор физико-математических наук, профессор Томского политехнического университета, заместитель директора по научной работе ИФВТ ТПУ  |f 1947-  |g Владимир Васильевич  |2 stltpush  |3 (RuTPU)RU\TPU\pers\20662 
701 1 |a Бушнев  |b Л. С. 
701 1 |a Толопа  |b А. М. 
801 1 |a RU  |b 63413507  |c 20121116 
801 2 |a RU  |b 63413507  |c 20121119  |g RCR 
942 |c BK